[Event "Pierrefitte op"]
[Site "Pierrefitte"]
[Date "2003.09.28"]
[Round "7"]
[White "Nguyen, Pierre"]
[Black "Bex, Emmanuel"]
[Result "1-0"]
[WhiteElo "1370"]
[BlackElo "1860"]
[PlyCount "55"]
[EventDate "2003.04.27"]
[EventType "swiss (rapid)"]
[EventRounds "7"]
[EventCountry "FRA"]
[SourceTitle "EXT 2005"]
[Source "ChessBase"]
[SourceDate "2004.11.15"]
[SourceVersion "1"]
[SourceVersionDate "2004.11.15"]
[SourceQuality "1"]

1. e4 e6 2. d4 d5 3. Nc3 Bb4 4. e5 Ne7 5. h4 c5 6. a3 Bxc3+ 7. bxc3 Bd7 8. Qg4 Nf5 9. Bd3 h5 10. Qh3 Nc6 11. Bxf5 exf5 12. Qg3 g6 13. Bg5 Qa5 14. Ne2 Nxd4 15. Nxd4 cxd4 16. 0-0 Qxc3 17. e6 fxe6 18. Qd6 Rh7 19. Rfe1 Qc6 20. Qb4 Qb6 21. Qd2 Rf7 22. Rab1 Qc5 23. Rxb7 Bc8 24. Rb4 a5 25. Rxd4 Kf8 26. c4 Ra6 27. cxd5 Rd6 28. Rc1 1-0